| 000 | 00408nam a22001577a 4500 | ||
|---|---|---|---|
| 003 | OSt | ||
| 005 | 20160527121150.0 | ||
| 008 | 160527b xxu||||| |||| 00| 0 eng d | ||
| 020 | _a13;978-0-538-48199-1 | ||
| 040 | _cN/A | ||
| 100 | _aHOLLEY JENNINGS WOLTERS | ||
| 245 | _aTHE LABOR RELATIONS PROCESS | ||
| 250 | _a10TH EDITION | ||
| 260 |
_aUSA _bSOUTH WESTERN CENGAGE LEARNING _c2012 |
||
| 942 |
_2lcc _cBK |
||
| 999 |
_c254189 _d254188 |
||